000
00318nam a2200145Ia 4500
100
_a
Ranganathan/T.S
650
_a
Biomedical instrumentation
942
_c
RB
654
_a
human
245
_a
Textbool of human Anatomy
260
_b
S.Chand & C0
_c
1982
082
_a
611
_b
RAN
300
_a
796
546
_a
ENGLISH
999
_c
29664
_d
29664